[Event "Speed Chess Q2 Sw"]
[Site "Chess.com INT"]
[Date "2023.08.23"]
[Round "11"]
[White "Komov, Roman"]
[Black "Dyachuk, Artem"]
[Result "0-1"]
[WhiteElo "2301"]
[BlackElo "2242"]
[PlyCount "128"]
[EventDate "2023.08.23"]
[EventType "swiss (blitz)"]
[EventRounds "14"]
[EventCountry "USA"]
[SourceTitle "CBM 215 Extra"]
[Source "ChessBase"]
[SourceDate "2023.09.30"]
[SourceVersion "1"]
[SourceVersionDate "2023.09.30"]
[SourceQuality "1"]

1. e4 c6 2. d4 d5 3. Nc3 dxe4 4. Nxe4 Bf5 5. Ng3 Bg6 6. h4 h6 7. Nf3 Nd7 8. h5 Bh7 9. Bd3 Bxd3 10. Qxd3 Ngf6 11. Bd2 Qc7 12. 0-0-0 0-0-0 13. Ne4 e6 14. Kb1 Nxe4 15. Qxe4 Nf6 16. Qe2 Bd6 17. Bc1 Rhe8 18. Ne5 Bxe5 19. dxe5 Nd7 20. f4 Nb6 21. Qg4 Rg8 22. Rxd8+ Qxd8 23. Rd1 Qe8 24. Qf3 Qe7 25. g4 Rd8 26. g5 Rxd1 27. Qxd1 Nd7 28. Qd4 Qc5 29. Qxc5 Nxc5 30. f5 exf5 31. gxh6 gxh6 32. Bxh6 Ne6 33. Bg7 f4 34. Kc1 Kd7 35. h6 Ng5 36. Kd2 Ke6 37. Ke2 Kf5 38. Bf6 Nh7 39. Kf3 Nxf6 40. exf6 Kg6 41. Kxf4 Kxh6 42. Kf5 Kh5 43. a4 a5 44. b4 axb4 45. a5 c5 46. Ke5 c4 47. Kd4 b3 48. cxb3 cxb3 49. Kc3 Kg6 50. Kxb3 Kxf6 51. Kb4 Ke7 52. Kb5 Kd7 53. Kb6 Kc8 54. a6 bxa6 55. Kxa6 Kc7 56. Kb5 Kd6 57. Kc4 Ke5 58. Kd3 Kf4 59. Ke2 Ke4 60. Kf2 Kf4 61. Kf1 Kf3 62. Ke1 f5 63. Kf1 f4 64. Ke1 Kg2 0-1

[Event "St Petersburg Korchnoi Memorial op"]
[Site "St Petersburg"]
[Date "2023.08.22"]
[Round "7"]
[White "Burmakin, Vladimir"]
[Black "Komov, Roman"]
[Result "1-0"]
[WhiteElo "2476"]
[BlackElo "2301"]
[PlyCount "61"]
[EventDate "2023.08.18"]
[EventType "swiss"]
[EventRounds "9"]
[EventCountry "RUS"]
[SourceTitle "EXT 2024"]
[Source "ChessBase"]
[SourceDate "2023.10.10"]
[SourceVersion "1"]
[SourceVersionDate "2023.10.10"]
[SourceQuality "1"]

1. d4 Nf6 2. Nf3 e6 3. c4 Bb4+ 4. Bd2 a5 5. g3 b6 6. Bg2 Bb7 7. 0-0 0-0 8. Bf4 Re8 9. c5 a4 10. a3 Ba5 11. Qxa4 Bd2 12. Qc2 Bxf4 13. gxf4 Be4 14. Qd2 bxc5 15. dxc5 Nc6 16. Nc3 e5 17. b4 Bxf3 18. Bxf3 e4 19. Bg2 Ng4 20. e3 Qh4 21. h3 Nf6 22. Nd5 Nxd5 23. Qxd5 Ne7 24. Qxe4 c6 25. Rfd1 Nd5 26. Qf5 h6 27. Rxd5 cxd5 28. Bxd5 Rf8 29. Bxa8 Rxa8 30. Rd1 g6 31. Qxd7 1-0

[Event "Titled Tuesday intern op 22nd Aug Late"]
[Site "Chess.com INT"]
[Date "2023.08.22"]
[Round "1"]
[White "Komov, Roman"]
[Black "Haitin, Ilja"]
[Result "1-0"]
[WhiteElo "2301"]
[BlackElo "2284"]
[PlyCount "107"]
[EventDate "2023.08.22"]
[EventType "swiss (blitz)"]
[EventRounds "11"]
[EventCountry "USA"]
[SourceTitle "EXT 2024"]
[Source "ChessBase"]
[SourceDate "2023.10.10"]
[SourceVersion "1"]
[SourceVersionDate "2023.10.10"]
[SourceQuality "1"]

1. e4 e6 2. d4 d5 3. e5 c5 4. c3 Qb6 5. Nf3 Bd7 6. Bd3 Bb5 7. dxc5 Bxc5 8. b4 Bxd3 9. Qxd3 Bf8 10. a4 Nc6 11. a5 Qc7 12. 0-0 Nge7 13. Bf4 Ng6 14. Bg3 h5 15. h4 Be7 16. Na3 a6 17. Nc2 Rc8 18. b5 Nxa5 19. bxa6 bxa6 20. Qxa6 Nc4 21. Qb5+ Qd7 22. Qxd7+ Kxd7 23. Rfb1 Rc7 24. Ncd4 Rhc8 25. Rb3 Bc5 26. Kf1 Bxd4 27. cxd4 Ne7 28. Bf4 Nf5 29. g3 Ke8 30. Ke2 Rc6 31. Kd3 Rb6 32. Rab1 Rxb3+ 33. Rxb3 Ra8 34. Ng5 Ra3 35. Rxa3 Nxa3 36. Nh3 Nc4 37. Bc1 f6 38. Nf4 fxe5 39. Nxe6 e4+ 40. Kc3 Kf7 41. Nf4 e3 42. Bxe3 Ncxe3 43. fxe3 Nxe3 44. Nxh5 Nf1 45. Kd3 g6 46. Ke2 Nh2 47. Nf4 Ng4 48. Nxd5 Ke6 49. Ne3 Nf6 50. Kf3 Nd7 51. Kf4 Nb6 52. g4 Na4 53. Kg5 Kf7 54. d5 1-0

[Event "Titled Tuesday intern op 22nd Aug Late"]
[Site "Chess.com INT"]
[Date "2023.08.22"]
[Round "2"]
[White "Kupervaser, Erez"]
[Black "Komov, Roman"]
[Result "0-1"]
[WhiteElo "2267"]
[BlackElo "2301"]
[PlyCount "64"]
[EventDate "2023.08.22"]
[EventType "swiss (blitz)"]
[EventRounds "11"]
[EventCountry "USA"]
[SourceTitle "EXT 2024"]
[Source "ChessBase"]
[SourceDate "2023.10.10"]
[SourceVersion "1"]
[SourceVersionDate "2023.10.10"]
[SourceQuality "1"]

1. e4 c5 2. Nf3 d6 3. d4 cxd4 4. Nxd4 Nf6 5. Nc3 Nc6 6. Bc4 Qb6 7. Nb3 e6 8. Bf4 Ne5 9. Be2 Be7 10. g4 0-0 11. g5 Nfd7 12. Qd2 a6 13. Be3 Qc7 14. 0-0-0 b5 15. f4 Nc4 16. Bxc4 Qxc4 17. a3 Bb7 18. f5 exf5 19. exf5 Bxh1 20. Rxh1 Rfe8 21. f6 Bf8 22. Bd4 gxf6 23. gxf6 Kh8 24. Rg1 Ne5 25. Bxe5 Rxe5 26. Kb1 Rae8 27. Ka2 a5 28. Qg2 Bh6 29. Qh3 Bg5 30. Rg4 Qe6 31. Qh5 Bxf6 32. Qh6 a4 0-1

[Event "St Petersburg Korchnoi Memorial op"]
[Site "St Petersburg"]
[Date "2023.08.19"]
[Round "2"]
[White "Komov, Roman"]
[Black "Rudakov, Sergey S"]
[Result "0-1"]
[WhiteElo "2301"]
[BlackElo "1955"]
[PlyCount "98"]
[EventDate "2023.08.18"]
[EventType "swiss"]
[EventRounds "9"]
[EventCountry "RUS"]
[SourceTitle "EXT 2024"]
[Source "ChessBase"]
[SourceDate "2023.10.10"]
[SourceVersion "1"]
[SourceVersionDate "2023.10.10"]
[SourceQuality "1"]

1. d4 f5 2. Nc3 d5 3. Bf4 Nf6 4. Nb5 Na6 5. c4 dxc4 6. Nc3 Nd5 7. e3 Nxf4 8. exf4 c6 9. Bxc4 Nc7 10. Nf3 e6 11. Ne5 Qf6 12. 0-0 Bd6 13. Qh5+ g6 14. Qh6 Bf8 15. Qh3 Bd6 16. a3 0-0 17. b4 Bxe5 18. fxe5 Qe7 19. Ne2 Bd7 20. Qb3 b5 21. Bd3 Nd5 22. Nc3 Nf4 23. Be2 a5 24. Bf3 a4 25. Qd1 g5 26. g3 Nd5 27. Bxd5 cxd5 28. Qe2 Rab8 29. Nd1 Rbc8 30. Nb2 f4 31. f3 Rc3 32. Nd3 Rc4 33. Qf2 Be8 34. Nb2 Rc3 35. Qd2 Rb3 36. Nd3 fxg3 37. hxg3 Bg6 38. Nc5 Rbxf3 39. Rxf3 Rxf3 40. Kg2 g4 41. Rf1 Qf7 42. Qe2 Be4 43. Nxe4 dxe4 44. Rc1 e3 45. Qxb5 Rf2+ 46. Kg1 e2 47. Qe8+ Qxe8 48. Kxf2 Qf8+ 49. Kxe2 Qf3+ 0-1

[Event "Titled Tuesday intern op 15th Aug Early"]
[Site "Chess.com INT"]
[Date "2023.08.15"]
[Round "6"]
[White "Komov, Roman"]
[Black "Molina, Roberto Junio Brito"]
[Result "0-1"]
[WhiteElo "2301"]
[BlackElo "2376"]
[PlyCount "80"]
[EventDate "2023.08.15"]
[EventType "swiss (blitz)"]
[EventRounds "11"]
[EventCountry "USA"]
[SourceTitle "EXT 2024"]
[Source "ChessBase"]
[SourceDate "2023.10.10"]
[SourceVersion "1"]
[SourceVersionDate "2023.10.10"]
[SourceQuality "1"]

1. e4 c6 2. d4 d5 3. Nd2 dxe4 4. Nxe4 Nd7 5. Bc4 Ngf6 6. Ng5 e6 7. Qe2 Nb6 8. Bb3 a5 9. a4 c5 10. dxc5 Bxc5 11. N1f3 h6 12. Ne4 Nxe4 13. Qxe4 Nd5 14. 0-0 Nf6 15. Qe2 0-0 16. Be3 Qc7 17. Rad1 b6 18. Bxc5 Qxc5 19. Rfe1 Ba6 20. Qe5 Rfc8 21. c3 Bb7 22. Nd4 Qxe5 23. Rxe5 Bd5 24. Bc2 Nd7 25. Ree1 Nc5 26. Nf5 Kf8 27. Ne3 Bb3 28. Bxb3 Nxb3 29. Rd6 Rab8 30. Ng4 Nc5 31. Ne5 Rc7 32. Red1 Rbb7 33. Nc6 g5 34. R1d4 Kg7 35. Ne5 b5 36. axb5 Rxb5 37. Nc4 Nb3 38. Rd7 Rbb7 39. Rxc7 Rxc7 40. Kf1 Nxd4 0-1

[Event "Titled Tuesday intern op 15th Aug Early"]
[Site "Chess.com INT"]
[Date "2023.08.15"]
[Round "4"]
[White "Komov, Roman"]
[Black "Tustanowski, Robert"]
[Result "1-0"]
[WhiteElo "2301"]
[BlackElo "2208"]
[PlyCount "99"]
[EventDate "2023.08.15"]
[EventType "swiss (blitz)"]
[EventRounds "11"]
[EventCountry "USA"]
[SourceTitle "EXT 2024"]
[Source "ChessBase"]
[SourceDate "2023.10.10"]
[SourceVersion "1"]
[SourceVersionDate "2023.10.10"]
[SourceQuality "1"]

1. e4 e5 2. Nf3 Nc6 3. Bc4 Nf6 4. d3 h6 5. 0-0 d6 6. Nc3 g5 7. a4 Bg7 8. a5 a6 9. Nd5 Bg4 10. Ne3 Be6 11. Nd2 Qd7 12. c3 0-0 13. Qb3 Ne7 14. Qa4 c6 15. b4 Ng6 16. Qb3 Nf4 17. d4 exd4 18. cxd4 Ne2+ 19. Kh1 Nxd4 20. Qd3 Nh5 21. Bb2 Nf4 22. Qb1 d5 23. exd5 cxd5 24. Ba2 Rac8 25. Rd1 Nde2 26. Bxg7 Kxg7 27. Qb2+ Kg8 28. Ne4 dxe4 29. Rxd7 Bxd7 30. g3 Nd3 31. Qxe2 Bb5 32. Qh5 Nxf2+ 33. Kg2 Nd3 34. Qg6+ Kh8 35. Qxh6+ Kg8 36. Qxg5+ Kh7 37. Qf5+ Kg7 38. Bxf7 Rxf7 39. Qxc8 Rf2+ 40. Kg1 Re2 41. Qg4+ Kf6 42. Qxe2 Ke5 43. Rf1 Kd4 44. Rf5 b6 45. Rxb5 axb5 46. axb6 Nxb4 47. b7 Nd3 48. b8Q b4 49. Qd6+ Kc3 50. Qc2# 1-0

[Event "Titled Tuesday intern op 15th Aug Early"]
[Site "Chess.com INT"]
[Date "2023.08.15"]
[Round "8"]
[White "Komov, Roman"]
[Black "Womacka, Mathias"]
[Result "1-0"]
[WhiteElo "2301"]
[BlackElo "2371"]
[PlyCount "35"]
[EventDate "2023.08.15"]
[EventType "swiss (blitz)"]
[EventRounds "11"]
[EventCountry "USA"]
[SourceTitle "EXT 2024"]
[Source "ChessBase"]
[SourceDate "2023.10.10"]
[SourceVersion "1"]
[SourceVersionDate "2023.10.10"]
[SourceQuality "1"]

1. e4 c5 2. Nf3 d6 3. Bb5+ Nd7 4. 0-0 a6 5. Bxd7+ Bxd7 6. c3 Nf6 7. Re1 Bc6 8. d4 cxd4 9. cxd4 Bxe4 10. Bg5 d5 11. Nc3 Bg6 12. Ne5 e6 13. Qa4+ b5 14. Nxb5 Be7 15. Nc7+ Kf8 16. Nxa8 Qxa8 17. Rac1 Ne8 18. Nd7+ 1-0